LEADER 01120nam0 22002771i 450 001 SUN0022769 005 20040906120000.0 010 $a88-221-1578-3 100 $a20040906d1995 |0itac50 ba 101 $aita 102 $aIT 105 $a|||| ||||| 200 1 $aˆIl ‰cambiamento nei sistemi educativi$eprocessi di riforma e modelli europei a confronto$fGianfranco Rescalli 210 $aScandicci$cLa nuova Italia$d1995 215 $aXXVII, 282 p.$cill.$d21 cm. 606 $aScuola secondaria$xRiforma$x1960-1990$2FI$3SUNC010732 620 $dScandicci$3SUNL000031 676 $a373.4$v21 700 1$aRescalli$b, Gianfranco$3SUNV018977$0188184 712 $aLa nuova Italia$3SUNV000099$4650 801 $aIT$bSOL$c20181109$gRICA 912 $aSUN0022769 950 $aUFFICIO DI BIBLIOTECA DEL DIPARTIMENTO DI PSICOLOGIA$d16 CONS 1841 $e16 VS 3011 995 $aUFFICIO DI BIBLIOTECA DEL DIPARTIMENTO DI PSICOLOGIA$bIT-CE0119$gVS$h3011$kCONS 1841$oc$qa 996 $aCambiamento nei sistemi educativi$9557608 997 $aUNICAMPANIA LEADER 01210nam--2200361---450- 001 990006044720203316 005 20150604120816.0 035 $a000604472 035 $aUSA01000604472 035 $a(ALEPH)000604472USA01 035 $a000604472 100 $a20150601d1909----km-y0itay50------ba 101 $aita 102 $aIT 105 $a||||||||001yy 200 1 $aPublio Paquio Proculo$epanettiere e supremo magistrato pompeiano 210 $aRoma$cTip. della r. accademia dei lincei$d1909 215 $a22 p.$d24 cm 300 $aGià pubblicato in: Rendiconti della R. Accademia dei lincei : classe di scienze morali, storiche e filologiche, (1908), n. 7-9, vol. 17 606 0 $aProculo, Publio Paquio$2BNCF 676 $a937.72568 700 1$aZOTTOLI,$bGiampietro$0213205 801 0$aIT$bsalbc$gISBD 912 $a990006044720203316 951 $aXV.2.MISC. 245$b7141 F.C.$cXV.2.MISC.$d376679 959 $aBK 969 $aCUOMO 979 $aMANZOP$b90$c20150601$lUSA01$h1633 979 $aMANZOP$b90$c20150601$lUSA01$h1638 979 $aMANZOP$b90$c20150601$lUSA01$h1640 979 $aCHIARA$b90$c20150604$lUSA01$h1208 996 $aPublio Paquio Proculo$91076268 997 $aUNISA